000 00764cab a2200241 4500
001 ABS41683
008 090401t1989 xxu||||| |||| 00| 0 eng d
035 _a(Sirsi) u31681
041 _aeng
100 _aWeatherhead, P.
245 _aRescuing rural England
260 _c1989
350 _a0
490 _aBuilding
_v254(7623) 10 November 1989, 65-68(4)
520 _aReports on the work of the Rural Development Commission which aims to create jobs in rural areas by converting redundant buildings into business premises .
650 _aCONVERSION
650 _aEMPLOYMENT
650 _aFARM BUILDINGS
650 _aBUILT ENVIRONMENT-BUILDING MAINTENANCE AND REFURBISHMENT
690 _aECONOMIC AND SOCIAL
942 _n0
948 _c04/03/1997
999 _c21266
_d21266